000 00696nam a22001937a 4500
999 _c179936
_d179936
005 20210716170148.0
010 _aUR-11150
020 _c500.00
_a9789390533091
035 _aU-9705
037 _bDBAD/PUB
082 _a840.08
100 _aا نو ر بھد ر کی
245 _aفن ا و ر فنکا ر (فا ر و ق ا حمد جا يسی)
_cا نو ر حسين ا نو ر
246 _aFan Aur Fankar( Farooque Ahmed Jaisi)(Urdu)
_bby Anwar Hussain Anwar
260 _aN.Delhi
_c2020 ء
_bEducational Publishing House
270 _aH.O.D1/16,Ansari Road,Darya Ganj,
_bNew Delhi
_e110002
_l-
300 _a496 ص
_c22 Cm(Hb)
942 _2ddc
_cUR
_h840.08
_eا ن و